| 000 | 01149cam a22003014a 4500 | ||
|---|---|---|---|
| 001 | 16377208 | ||
| 005 | 20100922162132.0 | ||
| 008 | 100805s2010 enka b 001 0 eng d | ||
| 020 | _a9780521767323 (hbk.) | ||
| 020 | _a0521767326 (hbk.) | ||
| 020 | _a9780521152464 (pbk.) | ||
| 020 | _a0521152461 (pbk.) | ||
| 035 | _a(OCoLC)ocn496958992 | ||
| 040 |
_aUKM _cUKM _dBTCTA _dYDXCP _dBWK _dNLGGC _dC#P _dBWX _dCDX _dDLC |
||
| 082 | 0 | 4 |
_a330.1 _222 _bBRO |
| 084 |
_a83.21 _2bcl |
||
| 100 | 1 |
_aBrown, Marvin T., _d1943- _928550 |
|
| 245 | 1 | 0 |
_aCivilizing the economy : _ba new economics of provision / _cby Marvin T. Brown. |
| 260 |
_aCambridge : _bCambridge University Press, _c2010. |
||
| 300 |
_axiii, 268 p. : _bill. ; _c24 cm. |
||
| 504 | _aIncludes bibliographical references (p. 254-261) and index. | ||
| 650 | 0 |
_aProduction (Economic theory) _928551 |
|
| 650 | 0 |
_aEconomics. _928552 |
|
| 653 |
_bEco _cFebruary2012 |
||
| 942 |
_2ddc _cBB |
||
| 999 |
_c16372 _d16372 |
||